| 000 | 00447nam a2200181Ia 4500 | ||
|---|---|---|---|
| 001 | 10568 | ||
| 005 | 20260306161841.0 | ||
| 008 | 260306t1966||||xx |||||||||||||| ||spa|| | ||
| 041 | _aESP | ||
| 082 |
_a940.3 _bE89 |
||
| 100 |
_aEsposito, Vicent J. (dir.) _eAUT |
||
| 245 | 0 | _aBreve historia de la primera guerra mundial | |
| 260 | _c1966 | ||
| 300 |
_a477 páginas : _c22 cm. |
||
| 650 | _aGEN | ||
| 654 | _aCHU | ||
| 942 |
_cLIB _dJUS _fJUS _2ddc _n |
||
| 999 |
_c10568 _d10568 |
||